自欺欺神 Zi qi qi Shen = I told me so {ch} / (Record no. 38416)
[ view plain ]
| 000 -LEADER | |
|---|---|
| fixed length control field | 00763nam a22002057a 4500 |
| 008 - FIXED-LENGTH DATA ELEMENTS--GENERAL INFORMATION | |
| fixed length control field | 150630s2011 hk ||||| |||| 00| f chi d |
| 020 ## - INTERNATIONAL STANDARD BOOK NUMBER | |
| International Standard Book Number | 9789622088832 |
| 020 ## - INTERNATIONAL STANDARD BOOK NUMBER | |
| International Standard Book Number | 962208883X |
| 100 ## - MAIN ENTRY--PERSONAL NAME | |
| Personal name | 田艾索夫 |
| Fuller form of name | (Ten Elshof, Gregg A.) |
| 245 0# - TITLE STATEMENT | |
| Title | 自欺欺神 Zi qi qi Shen = I told me so {ch} / |
| Statement of responsibility, etc | 田艾索夫著;袁達志譯 田艾索夫 = Gregg Ten Elshof 著 ; 袁達志 [= Tai-chi Yuen] 譯. 袁達志 |
| 250 ## - EDITION STATEMENT | |
| Edition statement | 初版 |
| 260 ## - PUBLICATION, DISTRIBUTION, ETC. (IMPRINT) | |
| Place of publication, distribution, etc | 香港: |
| Name of publisher, distributor, etc | 天道書樓, |
| Date of publication, distribution, etc | 2011 |
| 300 ## - PHYSICAL DESCRIPTION | |
| Extent | 216 面 ; |
| Dimensions | 22 cm. |
| 490 ## - SERIES STATEMENT | |
| Series statement | 拓思系列 Tuo si xi lie =; Mind pioneer series |
| 521 ## - TARGET AUDIENCE NOTE | |
| Target audience note | 譯自:I Told Me So |
| 650 ## - SUBJECT ADDED ENTRY--TOPICAL TERM | |
| Topical term or geographic name as entry element | Self deception |
| General subdivision | Religious aspects |
| -- | Christianity {ch}. |
| 650 ## - SUBJECT ADDED ENTRY--TOPICAL TERM | |
| Topical term or geographic name as entry element | Christian life {ch}. |
| 700 1# - ADDED ENTRY--PERSONAL NAME | |
| Personal name | 袁達志, |
| Relator term | 譯 |
| 942 ## - ADDED ENTRY ELEMENTS (KOHA) | |
| Source of classification or shelving scheme | Library of Congress Classification |
| Item type | Books |
| Withdrawn status | Lost status | Source of classification or shelving scheme | Damaged status | Not for loan | Home library | Current library | Shelving location | Date acquired | Source of acquisition | Accession number | Total Checkouts | Full call number | Barcode | Date last seen | Price effective from | Koha item type | Copy number | Public note |
|---|---|---|---|---|---|---|---|---|---|---|---|---|---|---|---|---|---|---|
| Library of Congress Classification | BSOP Library | BSOP Library | Chinese Books (General Circulation) | 06/30/2015 | gift : Brother Daniel | C-13138 | BV4627.F3 T25 2011 | 00045705 | 06/30/2015 | 06/30/2015 | Books | |||||||
| Library of Congress Classification | BSOP Library | BSOP Library | Chinese Books (General Circulation) | 08/26/2025 | C-16219 | BV4627.F3 T25 2011 | 00063025 | 11/27/2025 | 11/27/2025 | Books | c.2 | Tien Dao |
